000 00570nam a2200229Ia 4500
003 OSt
005 20221005123530.0
006 a|||||r|||| 00| 0
007 ta
008 221004b |||||||| |||| 00| 0 eng d
024 _a103469
037 _cTextual
040 _aCRL
_cCRL
_beng
041 _2eng
_aeng
082 _aC216-5p1,N73, L3
100 _aChandrasekhar S. Ed.
245 0 _aLiquid crystals
260 _c1973
300 _a568p.
_ccm.
942 _hC216-5p1,N73, L3
_cTEXL
_2cc
999 _c1047710
_d1047710